How to complete your research project success fully (a guide for first-time reasearchers)

Bibliographic Details
Main Author: Bell, Judith
Format: Book
Published: New Delhi : UBS Publishers' Distributers Ltd. , 1993
Subjects:

MARC

LEADER 00000cam a2200000 7i4500
001 0000004885
002 000005268
005 20081118.0
020 |a 8185944024 
090 0 0 |a 001.42   |b BEL 
100 1 |a Bell, Judith 
245 1 0 |a How to complete your research project success fully (a guide for first-time reasearchers)   |c Judith Bell 
260 |a New Delhi :   |b UBS Publishers' Distributers Ltd. ,   |c 1993 
300 |a 139 p. ;   |c 22 cm. 
650 0 0 |a Research   |x Handbooks, manuals, etc. 
650 0 0 |a Research   |x Methodology 
999 |a 034810   |b BUKU   |c PINJAMAN   |e PERPUSTAKAAN KOMUNITI PETALING JAYA 
999 |a 034811   |b BUKU   |c PINJAMAN   |e PERPUSTAKAAN KOMUNITI PETALING JAYA 
999 |a 034812   |b BUKU   |c PINJAMAN   |e PERPUSTAKAAN KOMUNITI PETALING JAYA